000 00545nam a2200205Ia 4500
005 20250923145911.0
008 008 250917s9999 xx 000 0 eng d
037 _aTextual
040 _aDSWL
_beng
_cDSWL
041 _aeng
_2eng
084 _aYX;4, N82
_qDSWL
100 _aEgan, Gerard
_9840089
245 4 _aThe skilled helper
_c by Gerard Egan
260 _aCalifornia
_b Brooke Cole
_c1982
300 _axii,324p.
365 _aUSD
_b17.95
925 _g17.95
942 _cTEXL
_hYX;4, N82
999 _c1457113
_d1457113